|
|
|
|
| LEADER |
00000nab a2200000 a 4500 |
| 001 |
vtls000646407 |
| 003 |
SK-MaSNL |
| 005 |
20260304210746.0 |
| 008 |
160401c1993 xo 0 slo |
| 015 |
|
|
|a SNBRA19rr/mm-uuuuu
|
| 035 |
|
|
|a CL0646546
|
| 040 |
|
|
|a SNKBUCL
|b slo
|c SNKBUCL
|e AACR2
|
| 041 |
0 |
|
|a slo
|
| 044 |
|
|
|a xo
|c SK
|
| 080 |
|
|
|a 631.67:519.872
|2 1981
|
| 080 |
|
|
|a 519.872
|2 1981
|
| 080 |
|
|
|a 626.81/.85
|2 1981
|
| 100 |
1 |
|
|a Bojňanský, Jozef,
|d 1961-
|4 aut
|9 189662
|
| 245 |
1 |
0 |
|a Návrh aplikácie teórie hromadnej obsluhy pri určovaní efektívnosti štruktúry závlahovej vody
|c Jozef Bojňanský
|
| 300 |
|
|
|b Sch. 1, res. angl., lit. 6 zázn. v češ., slov.
|
| 650 |
0 |
7 |
|a sústavy závlahové
|2 snkbucl
|9 889501
|
| 650 |
0 |
7 |
|a simulačné modely
|2 snkbucl
|9 3667
|
| 655 |
|
7 |
|a články zo zborníkov
|2 snkbucl
|9 166140
|
| 773 |
0 |
|
|z 807137136X
|t Acta operativo-oeconomica 47
|d Nitra : Vysoká škola poľnohospodárska, 1993
|g S. 197-202
|
| 850 |
|
|
|a Slovenská národná knižnica v Martine
|a MTA001
|
| 852 |
|
|
|a SNK
|b KIS3GCP
|
| 958 |
|
|
|a NB
|
| 958 |
|
|
|a NX
|
| 958 |
|
|
|a RK
|
| 958 |
|
|
|a RZB
|
| 999 |
|
|
|c 3127413
|d 3129343
|